Yaksagaana: (Record no. 51569)

000 -LEADER
fixed length control field 00454nam a22001691a 4500
082 ## - DEWEY DECIMAL CLASSIFICATION NUMBER
Classification number 398.209 548 7
Item number MAR/Y
100 ## - MAIN ENTRY--AUTHOR NAME
Personal name Martha Bush Ashton
245 ## - TITLE STATEMENT
Title Yaksagaana:
Sub Title A dance drama of India/
Statement of responsibility, etc by Martha Bush Ashton
260 ## - PUBLICATION, DISTRIBUTION, ETC. (IMPRINT)
Place of publication New Delhi:
Name of publisher Abhinav,
Year of publication 1977.
300 ## - PHYSICAL DESCRIPTION
Number of Pages 108p.
650 ## - SUBJECT ADDED ENTRY--TOPICAL TERM
Topical Term Folk Literature Yaksagana
650 ## - SUBJECT ADDED ENTRY--TOPICAL TERM
Topical Term Folklore Karnataka
650 ## - SUBJECT ADDED ENTRY--TOPICAL TERM
Topical Term Folklore
650 ## - SUBJECT ADDED ENTRY--TOPICAL TERM
Topical Term Social Sciences
700 ## - ADDED ENTRY--PERSONAL NAME
Personal name Bruce Christie
942 ## - ADDED ENTRY ELEMENTS (KOHA)
Koha item type Book
Holdings
Withdrawn status Lost status Damaged status Not for loan Permanent Location Current Location Date acquired Cost, normal purchase price Full call number Accession Number Cost, replacement price Price effective from Koha item type
        Sree Sankaracharya University of Sanskrit Sree Sankaracharya University of Sanskrit 08.01.2015 300.00 398.209 548 7 MAR/Y 026478 0.00 08.01.2015 Book